Microalgae : biotechnology and microbiology (Record no. 9962)

MARC details
000 -LEADER
fixed length control field 00626nam a2200205Ia 4500
008 - FIXED-LENGTH DATA ELEMENTS--GENERAL INFORMATION
fixed length control field 191130s1994##################000#0#eng##
020 ## - INTERNATIONAL STANDARD BOOK NUMBER
International Standard Book Number 9780521350204
022 ## - INTERNATIONAL STANDARD SERIAL NUMBER
International Standard Serial Number 93002129
040 ## - CATALOGING SOURCE
Original cataloging agency ACL
Transcribing agency ACL
082 ## - DEWEY DECIMAL CLASSIFICATION NUMBER
Classification number 660.62 BEC
100 ## - MAIN ENTRY--PERSONAL NAME
Personal name Becker, E. W
245 ## - TITLE STATEMENT
Title Microalgae : biotechnology and microbiology
Statement of responsibility, etc. E.W. Becker
260 ## - PUBLICATION, DISTRIBUTION, ETC.
Place of publication, distribution, etc. Cambridge
Name of publisher, distributor, etc. Cambridge University Press
Date of publication, distribution, etc. 1994
300 ## - PHYSICAL DESCRIPTION
Extent vii, 293 p. : ill. ; 24 cm
500 ## - GENERAL NOTE
General note Includes bibliographical references (p. 281-290) and index
650 ## - SUBJECT ADDED ENTRY--TOPICAL TERM
Topical term or geographic name entry element Algae - Biotechnology
990 ## - EQUIVALENCES OR CROSS-REFERENCES [LOCAL, CANADA]
Link information for 9XX fields 00e3c095ac10000c1909d791d66f3a59
991 ## -
-- 260219
Holdings
Withdrawn status Lost status Materials specified (bound volume or other part) Damaged status Not for loan Home library Current library Shelving location Date acquired Total Checkouts Full call number Barcode Date last seen Price effective from Koha item type
    hbk     Anna Centenary Library Anna Centenary Library 6TH FLOOR, B WING 09.10.2020   660.62 BEC 198063 09.10.2020 09.10.2020 English Books

Find us on the map